Dakwah dan pengurusan Islam di Malaysia : (Record no. 152314)

MARC details
000 -LEADER
fixed length control field 00905nam a2200277 i 4500
001 - CONTROL NUMBER
control field C2-0233365
003 - CONTROL NUMBER IDENTIFIER
control field PPAK
005 - DATE AND TIME OF LATEST TRANSACTION
control field 20180728090521.0
008 - FIXED-LENGTH DATA ELEMENTS--GENERAL INFORMATION
fixed length control field 010513s2000 my |||| ||||| | may d
020 ## - INTERNATIONAL STANDARD BOOK NUMBER
International Standard Book Number 9679425037
040 ## - CATALOGING SOURCE
Original cataloging agency PPAK
Language of cataloging eng
Transcribing agency PPAK
Description conventions rda
082 04 - DEWEY DECIMAL CLASSIFICATION NUMBER
Classification number 297.7409595
Edition number 23
090 00 - LOCALLY ASSIGNED LC-TYPE CALL NUMBER (OCLC); LOCAL CALL NUMBER (RLIN)
Classification number (OCLC) (R) ; Classification number, CALL (RLIN) (NR) 297.7409595
Feature heading DAK
Feature heading G
Classification number (OCLC) (R) ; Classification number, CALL (RLIN) (NR) 297.7409595
Feature heading DAK
Feature heading R
245 00 - TITLE STATEMENT
Title Dakwah dan pengurusan Islam di Malaysia :
Remainder of title konsep dan pelaksanaan
264 #1 - PRODUCTION, PUBLICATION, DISTRIBUTION, MANUFACTURE, AND COPYRIGHT NOTICE
Place of production, publication, distribution, manufacture Bangi, Selangor :
Name of producer, publisher, distributor, manufacturer Universiti Kebangsaan Malaysia ,
Date of production, publication, distribution, manufacture, or copyright notice 2000
300 ## - PHYSICAL DESCRIPTION
Extent 202 pages ;
Dimensions 23 cm
336 ## - CONTENT TYPE
Source rdacontent
Content type term text
337 ## - MEDIA TYPE
Source rdamedia
Media type term unmediated
338 ## - CARRIER TYPE
Source rdacarrier
Carrier type term volume
650 10 - SUBJECT ADDED ENTRY--TOPICAL TERM
Topical term or geographic name entry element Da'wah (Islam). ; Islam - Missions - Malaysia. ; Management - Religious aspects - Islam.
700 0# - ADDED ENTRY--PERSONAL NAME
Personal name Berhanundin Abdullah
Relator term editor
Personal name Zulkiple Abd. Ghani,
Relator term editor
Personal name Abdul Ghafar Don
Relator term editor
942 ## - ADDED ENTRY ELEMENTS (KOHA)
-- dc
Koha item type Book
Holdings
Withdrawn Not for loan Current library Shelving location Date acquired Total Checkouts Full call number Barcode Date last seen Date last checked out Koha item type
    Perpustakaan Jitra Pinjaman Dewasa 02/08/2001   297.7409595 DAK A00967421 31/05/2018   Book
    Perpustakaan Kulim Pinjaman Dewasa 02/08/2001 2 297.7409595 DAK A00967423 21/06/2022 01/06/2022 Book
    Perpustakaan Langkawi Pinjaman Dewasa 02/08/2001 2 297.7409595 DAK A00967422 07/08/2025 20/07/2025 Book